Manual de derecho civil: (Registro nro. 719)
[ vista simple ]
| 000 -LEADER | |
|---|---|
| campo de control de longitud fija | 01217nam a22003257a 4500 |
| 001 - NÚMERO DE CONTROL | |
| campo de control | 719 |
| 003 - IDENTIFICADOR DE NÚMERO DE CONTROL | |
| campo de control | gttocutb |
| 005 - FECHA Y HORA DE LA ÚLTIMA TRANSACCIÓN | |
| campo de control | 20250725192438.0 |
| 007 - CAMPO FIJO DE DESCRIPCIÓN FÍSICA--INFORMACIÓN GENERAL | |
| campo de control de longitud fija | ta |
| 008 - DATOS DE LONGITUD FIJA--INFORMACIÓN GENERAL | |
| campo de control de longitud fija | 250725b |||||||| l||| 001 0 spa d |
| 020 ## - NÚMERO INTERNACIONAL ESTÁNDAR DEL LIBRO | |
| Número Internacional Estándar del Libro | 97899296270204 |
| 040 ## - FUENTE DE CATALOGACIÓN | |
| Centro catalogador/agencia de origen | gttocutb |
| Lengua de catalogación | spa |
| Centro/agencia transcriptor | gttocutb |
| Centro/agencia modificador | gttocutb |
| Normas de descripción | rda |
| 082 ## - NÚMERO DE LA CLASIFICACIÓN DECIMAL DEWEY | |
| Número de clasificación | 346 B821:15 |
| 100 1# - ENTRADA PRINCIPAL--NOMBRE DE PERSONA | |
| Nombre de persona | Brañas, Alfonso. |
| Término indicativo de función/relación | autor. |
| 245 1# - MENCIÓN DEL TÍTULO | |
| Título | Manual de derecho civil: |
| Resto del título | Libros i, II, III / |
| Mención de responsabilidad, etc. | Alfonso Brañas, autor; Gustavo Lapola, editor. |
| Número de parte o sección de la obra | (15a.) |
| 264 1# - PRODUCCIÓN, PUBLICACIÓN, DISTRIBUCIÓN, FABRICACIÓN Y COPYRIGHT | |
| Producción, publicación, distribución, fabricación y copyright | Guatemala: |
| Nombre del de productor, editor, distribuidor, fabricante | Fenix |
| Fecha de producción, publicación, distribución, fabricación o copyright | 2016 |
| 300 ## - DESCRIPCIÓN FÍSICA | |
| Extensión | 529 páginas |
| Dimensiones | 21 cm |
| 336 ## - TIPO DE CONTENIDO | |
| Fuente | rdacontenido |
| Término de tipo de contenido | texto |
| Código de tipo de contenido | txt |
| 337 ## - TIPO DE MEDIO | |
| Fuente | rdamedio |
| Nombre/término del tipo de medio | sin mediación |
| Código del tipo de medio | n |
| 338 ## - TIPO DE SOPORTE | |
| Fuente | rdasoporte |
| Nombre/término del tipo de soporte | volumen |
| Código del tipo de soporte | nc |
| 505 ## - NOTA DE CONTENIDO CON FORMATO | |
| Información miscelánea | Contenido: |
| 505 ## - NOTA DE CONTENIDO CON FORMATO | |
| Información miscelánea | 1. Libro primero: Nociones generales, de las personas , de la familia -- |
| 505 ## - NOTA DE CONTENIDO CON FORMATO | |
| Información miscelánea | 2. Libro segundo: De los bienes, de las sucesiones -- |
| 505 ## - NOTA DE CONTENIDO CON FORMATO | |
| Información miscelánea | 2. LIbro tercero: de las obligaciones. |
| 520 ## - RESUMEN, ETC. | |
| Sumario, etc. | Edición actualizada: Legislación vigente, Notas del autor, Guías de estudio. |
| 521 ## - NOTA DE PÚBLICO DESTINATARIO | |
| Nota de público destinatario | Recomendado para Docentes y estudiantes de Derecho. |
| 650 14 - PUNTO DE ACCESO ADICIONAL DE MATERIA--TÉRMINO DE MATERIA | |
| Fuente del encabezamiento o término | LEMB |
| Término de materia o nombre geográfico como elemento de entrada | Derecho civil. Derecho público. Derecho privado. |
| 700 ## - ENTRADA AGREGADA--NOMBRE PERSONAL | |
| Nombre de persona | Gustavo Lapola, |
| Término indicativo de función/relación | Editor. |
| 942 ## - ELEMENTOS DE ENTRADA SECUNDARIOS (KOHA) | |
| Fuente de la clasificación o esquema de estantería | Clasificación Decimal Dewey |
| Tipo de ítem Koha | Libros |
| Edición | 15a. |
| Suprimir en OPAC | No |
| Estatus retirado | Estado de pérdida | Fuente de la clasificación o esquema de estantería | Estado de daño | No para préstamo | Colección | Biblioteca de origen | Biblioteca actual | Fecha de adquisición | Fuente de adquisición | Información codificada de la localización en otra ubicación | Número de inventario | Total de préstamos | Signatura topográfica completa | Código de barras | Visto por última vez | Precio de reemplazo | Tipo de ítem Koha |
|---|---|---|---|---|---|---|---|---|---|---|---|---|---|---|---|---|---|
| Clasificación Decimal Dewey | general | BIBLIOTECA CUNTOTO | BIBLIOTECA CUNTOTO | 18/10/2016 | Compra directa | 341-721 | 53-H-1909-2016 | 346 B821:15 | 53081909201646 | 25/07/2025 | 25/07/2025 | Libros |